Ligue 1 : Tous les clubs détenteurs du Bâton de Bourbotte - Statistiques

Statistiques générales
  • Ce quiz a été pris 199 fois
    4 depuis la dernière actualisation
  • Le résultat moyen est 40 sur 54
Statistiques - réponses
Club Matchs % Correct
AJ Auxerre 90
100%
Amiens SC 1
100%
Angers SCO 45
100%
AS Monaco 188
100%
AS Nancy Lorraine 27
100%
AS Saint-Étienne 120
100%
Dijon FCO 6
100%
En Avant Guingamp 22
100%
ESTAC Troyes 18
100%
Évian Thonon Gaillard FC 2
100%
FC Lorient 12
100%
FC Metz 86
100%
FC Nancy 8
100%
FC Nantes 201
100%
FC Sochaux-Montbéliard 83
100%
Girondins de Bordeaux 155
100%
Grenoble Foot 38 3
100%
Le Havre 22
100%
LOSC 134
100%
Montpellier HSC 39
100%
Nîmes Olympique 85
100%
OGC Nice 97
100%
Olympique de Marseille 188
100%
Olympique Lyonnais 168
100%
Paris FC 2
100%
Paris Saint-Germain 247
100%
RC Lens 105
100%
RC Strasbourg Alsace 106
100%
Stade Brestois 29 43
100%
Stade de Reims 68
100%
Stade Rennais FC 125
100%
Toulouse FC 62
100%
AC Ajaccio 21
67%
Le Mans FC 9
67%
SC Bastia 43
67%
SC Toulon 27
67%
Stade Lavallois MFC 13
67%
Stade Malherbe Caen 17
67%
Tours FC 2
67%
AS Cannes 28
33%
CS Sedan Ardennes 39
33%
FC Mulhouse 3
33%
FC Rouen 30
33%
FC Sète 4
33%
La Berrichonne de Châteauroux 2
33%
Limoges FC 4
33%
Pays d'Aix FC 1
33%
RC Roubaix 22
33%
Red Star FC 2
33%
Valenciennes FC 33
33%
Angoulême Charente FC 1
0%
FC Martigues 6
0%
Racing Club de France 55
0%
Stade Français 14
0%
Aucun quiz correspondant
Distribution des résultats
% des personnes avec chaque résultat
Percentile par nombre de réponses
Votre historique - résultats
Vous n’avez pas pris ce quiz depuis la dernière actualisation